[Event "Indywidualne Mistrzostwa Polski Kobiet do lat 20"]
[Site "Osrodek „SUDETY”, Pokrzywna 75"]
[Date "1899-12-30"]
[Round "4.11"]
[White "Szopa, Emilia"]
[Black "Obrochta, Lena"]
[Result "1/2-1/2"]
[WhiteTitle "I++"]
[BlackTitle "I++"]
[WhiteElo "1588"]
[BlackElo "1660"]

1. e4 c5 2. Nf3 e6 3. d4 cxd4 4. Nxd4 a6 5. Bd3 Bc5 6. Nb3 Be7 7. Qe2 d6 8. f4
Qc7 9. Be3 Nc6 10. c3 Nf6 11. N1d2 e5 12. f5 d5 13. O-O O-O 14. Kh1 Na5 15. Nxa5
Qxa5 16. c4 dxe4 17. Nxe4 Bd7 18. Bg5 Qb6 19. Rae1 Rfe8 20. c5 Qc6 21. Nxf6+ Bxf6
22. Be4 Qxc5 23. Bxf6 gxf6 24. Bxb7 Rab8 25. Bxa6 Kh8 26. Bc4 Rg8 27. Bxf7 Bb5
28. Qf2 Rgc8 29. Qxc5 Rxc5 30. Rf2 Rbc8 31. h3 Rc1 32. Rxc1 Rxc1+ 33. Kh2 e4 34.
Rf4 e3 35. Bh5 e2 36. Bxe2 Bxe2 37. a4 Rc5 38. g4 Rc2 39. Rf2 Rxb2 40. a5 Ra2
41. a6 Bc4 42. Rxa2 Bxa2 43. Kg3 Bd5 44. Kf4 Kg7 45. h4 h6 46. g5 fxg5+ 47. hxg5
hxg5+ 48. Ke4 1/2-1/2

[Event "Indywidualne Mistrzostwa Polski Kobiet do lat 20"]
[Site "Osrodek „SUDETY”, Pokrzywna 75"]
[Date "1899-12-30"]
[Round "4.12"]
[White "Natoli, Alessia"]
[Black "Trybus, Dominika"]
[Result "1-0"]
[WhiteTitle "I++"]
[BlackTitle "I+"]
[WhiteElo "1633"]
[BlackElo "1589"]

1. e4 c6 2. d4 d5 3. exd5 cxd5 4. Bd3 Nc6 5. c3 g6 6. h3 Bg7 7. Nf3 Nf6 8. Qc2
Qc7 9. Be3 O-O 10. Nbd2 a6 11. O-O b5 12. a4 Rb8 13. axb5 axb5 14. Nb3 Nd7 15.
Qd2 f6 16. Be2 Kh8 17. Nh2 b4 18. Rfb1 bxc3 19. bxc3 Nb6 20. Nc5 e5 21. Ba6 Qf7
22. Qe2 Bf5 23. Rb2 Nc4 24. Rxb8 Rxb8 25. Bxc4 dxc4 26. g4 Bc8 27. Rd1 exd4 28.
Bxd4 Nxd4 29. Rxd4 Rb1+ 30. Kg2 Bb7+ 31. f3 Qf8 32. Ne6 Qb8 33. Rd8+ Qxd8 34.
Nxd8 Bf8 35. Qe8 Rb2+ 36. Kg3 Kg8 37. Qf7+ Kh8 38. Qxf8# 1-0

[Event "Indywidualne Mistrzostwa Polski Kobiet do lat 20"]
[Site "Osrodek „SUDETY”, Pokrzywna 75"]
[Date "1899-12-30"]
[Round "6.1"]
[White "Malicka, Maria"]
[Black "Bukala, Weronika"]
[Result "1-0"]
[WhiteTitle "FM"]
[BlackTitle "I++"]
[WhiteElo "2307"]
[BlackElo "1875"]

1. e4 c6 2. d4 d5 3. Nc3 dxe4 4. Nxe4 Nf6 5. Nxf6+ exf6 6. c3 Bd6 7. Bd3 O-O 8.
Qc2 Re8+ 9. Ne2 h5 10. O-O Nd7 11. Nf4 h4 12. Qd1 g6 13. Nxg6 fxg6 14. Bxg6 Nf8
15. Qh5 Nxg6 16. Qxg6+ Kh8 17. Qh5+ Kg8 18. Bh6 Bf8 19. Rae1 Rxe1 20. Rxe1 Bd7
21. Qg6+ Kh8 22. Bxf8 Qxf8 23. Re4 1-0

[Event "Indywidualne Mistrzostwa Polski Kobiet do lat 20"]
[Site "Osrodek „SUDETY”, Pokrzywna 75"]
[Date "1899-12-30"]
[Round "6.2"]
[White "Wikar, Martyna"]
[Black "Starosta, Martyna"]
[Result "1-0"]
[WhiteTitle "WFM"]
[BlackTitle "WCM"]
[WhiteElo "2168"]
[BlackElo "1938"]

1. e4 e5 2. Nf3 Nc6 3. Bc4 Nf6 4. d3 Bc5 5. O-O a6 6. Bb3 Ba7 7. Nbd2 d6 8. c3
h6 9. Re1 g5 10. Nf1 Nh5 11. Be3 Qf6 12. Bxa7 Rxa7 13. Ne3 Nf4 14. Nd5 Nxd5 15.
exd5 Ne7 16. Nd2 O-O 17. d4 Ng6 18. Ne4 Qg7 19. Ng3 f6 20. Bc2 Nh4 21. c4 Qf7
22. Qd3 b6 23. c5 exd4 24. c6 a5 25. Kh1 f5 26. Ne2 Ba6 27. Qxd4 Bxe2 28. Rxe2
Ng6 29. Rae1 Raa8 30. Re6 Nf4 31. R6e3 Rae8 32. g3 Rxe3 33. Rxe3 Ng6 34. Re6 Qg7
35. Qe3 Ne5 36. f4 Nc4 37. Qe2 Nxb2 38. Qh5 Rf6 39. Bxf5 Rxe6 40. dxe6 Kf8 41.
e7+ Kxe7 42. Qe2+ Kf8 43. Bd7 Qf6 44. Qe8+ Kg7 45. Be6 h5 46. Qg8+ Kh6 47. fxg5+
Qxg5 48. Qh8+ Kg6 49. Qxb2 Qc5 50. Bd7 Qd5+ 51. Kg1 h4 52. Qc2+ Kh6 53. Qf2 Qd1+
54. Kg2 h3+ 55. Kxh3 Qh5+ 56. Kg2 Qd5+ 57. Qf3 Qxa2+ 58. Kh3 Qg8 59. g4 1-0

[Event "Indywidualne Mistrzostwa Polski Kobiet do lat 20"]
[Site "Osrodek „SUDETY”, Pokrzywna 75"]
[Date "1899-12-30"]
[Round "6.3"]
[White "Zabrzanska, Weronika"]
[Black "Rudzinska, Michalina"]
[Result "0-1"]
[WhiteTitle "k"]
[BlackTitle "WFM"]
[WhiteElo "1923"]
[BlackElo "2215"]

1. e4 c5 2. c3 Nf6 3. e5 Nd5 4. d4 cxd4 5. Qxd4 e6 6. Nf3 Nc6 7. Qe4 d6 8. Bb5
Bd7 9. c4 Nb6 10. exd6 Bxd6 11. O-O a6 12. Rd1 Qe7 13. Be3 Bc5 14. Rxd7 Nxd7 15.
Bxc6 bxc6 16. Qxc6 O-O 17. Bxc5 Nxc5 18. b4 Qf6 0-1

[Event "Indywidualne Mistrzostwa Polski Kobiet do lat 20"]
[Site "Osrodek „SUDETY”, Pokrzywna 75"]
[Date "1899-12-30"]
[Round "6.4"]
[White "Szczotka, Klara"]
[Black "Goraj, Barbara"]
[Result "0-1"]
[WhiteTitle "k+"]
[BlackTitle "WCM"]
[WhiteElo "1755"]
[BlackElo "2044"]

1. d4 Nf6 2. c4 g6 3. Nc3 Bg7 4. e4 d6 5. h3 O-O 6. Be3 Nbd7 7. Nf3 e5 8. d5 a5
9. g4 Nc5 10. Nd2 c6 11. Be2 Nfd7 12. Nf1 cxd5 13. cxd5 a4 14. Ng3 b5 15. Nxb5
Ba6 16. Na3 Qb6 17. Qd2 Rab8 18. Rb1 Bxe2 19. Kxe2 Qa6+ 20. Kf3 h5 21. gxh5 f5
22. exf5 gxf5 23. Bxc5 Nxc5 24. Rhc1 Kh7 25. Qg5 Rf6 26. Rc4 Qb7 27. Qd2 Bh6 28.
Qd1 Rg8 29. b4 axb3 30. Rxc5 dxc5 31. Qxb3 Qxb3+ 32. Rxb3 e4+ 33. Ke2 Rd8 34.
Rb7+ Kg8 35. d6 Rdxd6 36. Nc4 Rd4 37. Ne5 Rd2+ 38. Ke1 Rxa2 39. Rb8+ Rf8 40. Rb5
Ra1+ 41. Ke2 Rfa8 42. Rb2 Bg7 0-1

[Event "Indywidualne Mistrzostwa Polski Kobiet do lat 20"]
[Site "Osrodek „SUDETY”, Pokrzywna 75"]
[Date "1899-12-30"]
[Round "6.5"]
[White "Czarniecka, Aleksandra"]
[Black "Dylag, Emilia"]
[Result "0-1"]
[WhiteTitle "m"]
[BlackTitle "WFM"]
[WhiteElo "2031"]
[BlackElo "1956"]

1. e4 c5 2. Nf3 d6 3. d4 cxd4 4. Nxd4 Nf6 5. Nc3 a6 6. Be2 e5 7. Nb3 Be7 8. Be3
Be6 9. Nd5 Nxd5 10. exd5 Bd7 11. a4 O-O 12. O-O Be8 13. a5 Nd7 14. c4 Rc8 15.
Nd2 f5 16. f4 Bf6 17. Ra2 exf4 18. Bxf4 Qe7 19. Nf3 Bh5 20. b4 h6 21. Ne1 Bg6
22. Rc2 Be5 23. Nd3 Bd4+ 24. Kh1 Bh7 25. Re1 Qf6 26. Bh5 Ne5 27. c5 g5 28. Nc1
gxf4 29. Qxd4 Qh4 30. Qd1 f3 31. Bxf3 Qxb4 32. Rf1 f4 33. Rd2 Rxc5 34. Nb3 Rc3
35. Nd4 Nd3 36. Nc2 Qxa5 37. Qe2 Ne5 38. Be4 Bxe4 39. Qxe4 Rc4 40. Rd4 Qa4 41.
Qe1 Qxc2 42. Rxc4 Qxc4 43. h3 b5 44. Rf2 b4 45. Qb1 a5 46. Rc2 Qd3 47. Qc1 b3
48. Rc7 f3 0-1

[Event "Indywidualne Mistrzostwa Polski Kobiet do lat 20"]
[Site "Osrodek „SUDETY”, Pokrzywna 75"]
[Date "1899-12-30"]
[Round "6.6"]
[White "Hertlein, Irena"]
[Black "Adamczyk, Zuzanna"]
[Result "0-1"]
[WhiteTitle "k"]
[BlackTitle "WCM"]
[WhiteElo "1918"]
[BlackElo "2047"]

1. e4 c6 2. d4 d5 3. Nd2 dxe4 4. Nxe4 Bf5 5. Ng3 Bg6 6. Nf3 Nd7 7. h4 h6 8. h5
Bh7 9. Bd3 Bxd3 10. Qxd3 e6 11. Bd2 Ngf6 12. O-O-O Be7 13. Ne4 Nxe4 14. Qxe4 Nf6
15. Qe2 Qd5 16. c4 Qe4 17. Qxe4 Nxe4 18. Be3 f5 19. g3 Bg5 20. Nxg5 hxg5 21. Kc2
O-O-O 22. Rh2 Rh7 23. f3 Nxg3 24. Bxg5 Rf8 25. h6 f4 26. Rh3 gxh6 27. Bxf4 Rxf4
28. Rxg3 Rd7 29. Kc3 h5 30. Rd3 h4 31. Rg8+ Rd8 32. Rxd8+ Kxd8 33. Kd2 h3 34.
Ke3 h2 35. Rd1 Rh4 36. Rh1 Ke7 37. b3 Kf6 38. Kf2 Rxd4 39. Rxh2 Rd2+ 40. Kg3 Rxh2
41. Kxh2 Kf5 42. Kg3 e5 43. Kf2 Kf4 44. Ke2 b6 45. Kf2 a6 46. a3 a5 47. Ke2 e4
48. fxe4 Kxe4 49. Kd2 Kd4 50. Kc2 a4 51. Kb2 Kd3 52. bxa4 Kxc4 53. Kc2 c5 54.
Kb2 Kd3 55. Kb3 Kd4 56. a5 c4+ 57. Kc2 bxa5 58. a4 c3 59. Kc1 Kc4 60. Kc2 Kb4
0-1

[Event "Indywidualne Mistrzostwa Polski Kobiet do lat 20"]
[Site "Osrodek „SUDETY”, Pokrzywna 75"]
[Date "1899-12-30"]
[Round "6.7"]
[White "Bugaj, Hanna"]
[Black "Budkiewicz, Magdalena"]
[Result "1/2-1/2"]
[WhiteTitle "I++"]
[BlackTitle "k"]
[WhiteElo "1721"]
[BlackElo "1929"]

1. d4 Nf6 2. c4 g6 3. Nc3 Bg7 4. e4 d6 5. Nf3 O-O 6. Be2 Na6 7. O-O e5 8. dxe5
dxe5 9. Qxd8 Rxd8 10. Bg5 Re8 11. Rfd1 c6 12. Rd6 Nh5 13. Rad1 Be6 14. Be3 f6
15. c5 Nc7 16. b4 Bf8 17. R6d2 Be7 18. a4 a6 19. Rb2 Nf4 20. Bxf4 exf4 21. Nd4
Bf7 22. Rbd2 Rad8 23. Nb1 Ne6 24. Na3 a5 25. Nxe6 Bxe6 26. Rxd8 Rxd8 27. Rxd8+
Bxd8 28. b5 Be7 29. Nc4 Bxc4 30. Bxc4+ Kf8 31. Kf1 Bxc5 32. Ke2 Ke7 33. f3 Bg1
34. h3 Kd6 35. Kd3 Kc5 36. bxc6 bxc6 37. Kc3 Bf2 38. Bg8 Be1+ 39. Kb3 h6 40. Bf7
g5 41. Be8 Kd4 42. Bxc6 Ke3 43. Be8 Kf2 44. Bh5 Kxg2 45. Bg4 Kg3 46. Kc2 Bb4 47.
Kd3 Be7 48. Ke2 h5 49. Bxh5 Kxh3 50. Bg4+ 1/2-1/2

[Event "Indywidualne Mistrzostwa Polski Kobiet do lat 20"]
[Site "Osrodek „SUDETY”, Pokrzywna 75"]
[Date "1899-12-30"]
[Round "6.9"]
[White "Pawicka, Magdalena"]
[Black "Smietanska, Wiktoria"]
[Result "0-1"]
[WhiteTitle "k+"]
[BlackTitle "CM"]
[WhiteElo "1691"]
[BlackElo "1910"]

1. e4 c5 2. Nf3 d6 3. d4 cxd4 4. Qxd4 Nf6 5. Nc3 Nc6 6. Bb5 Bd7 7. Bxc6 Bxc6 8.
Bg5 e6 9. O-O-O Be7 10. Qd3 O-O 11. Nd4 Rc8 12. f4 Qa5 13. Kb1 Rfd8 14. f5 e5
15. Nb3 Qc7 16. Bxf6 Bxf6 17. h4 b5 18. Rd2 b4 19. Nd5 Bxd5 20. Qxd5 Qc4 21. g4
Qxd5 22. Rxd5 Rc4 23. g5 Be7 24. Re1 Rdc8 25. Re2 Kf8 26. Na5 R4c5 27. Red2 Rxd5
28. Rxd5 a6 29. Nb3 h6 30. f6 gxf6 31. gxf6 Bxf6 32. Rxd6 Kg7 33. Rxa6 Bxh4 34.
Rb6 Rc4 35. a4 bxa3 36. bxa3 Be7 37. Nd2 Rd4 38. Nf3 Rxe4 39. Rb3 h5 40. c4 h4
41. Rc3 Bc5 42. Kc2 h3 43. Ng5 Re2+ 44. Kd1 h2 45. Rh3 Ra2 46. Nf3 h1=Q+ 47. Ng1
Qxg1# 0-1

[Event "Indywidualne Mistrzostwa Polski Kobiet do lat 20"]
[Site "Osrodek „SUDETY”, Pokrzywna 75"]
[Date "1899-12-30"]
[Round "6.10"]
[White "Natoli, Alessia"]
[Black "Szopa, Emilia"]
[Result "0-1"]
[WhiteTitle "I++"]
[BlackTitle "I++"]
[WhiteElo "1633"]
[BlackElo "1588"]

1. e4 c6 2. d3 d5 3. Nd2 g6 4. g3 Bg7 5. Bg2 Nh6 6. Ngf3 f6 7. O-O O-O 8. Qe2 e5
9. c3 Be6 10. b4 a5 11. Ba3 axb4 12. Bxb4 Re8 13. Rfc1 Na6 14. Rcb1 Nxb4 15. Rxb4
b5 16. Rb2 Qc7 17. Ne1 Ra3 18. Nb1 Ra5 19. Nc2 f5 20. f3 dxe4 21. fxe4 f4 22.
Nd2 c5 23. c4 b4 24. Nb3 Ra6 25. Qf2 Rc8 26. a3 Ng4 27. Qe1 Qd8 28. Qe2 bxa3 29.
Rxa3 Rxa3 30. Nxa3 Ne3 31. Bf3 Qg5 32. Qf2 Bg4 33. Nc2 Rf8 34. Bg2 Nd1 35. Qxc5
Nxb2 36. gxf4 Qxf4 37. Qe3 Qf7 38. Nd2 Nd1 39. Qe1 Qa7+ 0-1

[Event "Indywidualne Mistrzostwa Polski Kobiet do lat 20"]
[Site "Osrodek „SUDETY”, Pokrzywna 75"]
[Date "1899-12-30"]
[Round "6.11"]
[White "Pietrzak, Emilia"]
[Black "Obrochta, Lena"]
[Result "0-1"]
[WhiteTitle "I+"]
[BlackTitle "I++"]
[WhiteElo "1497"]
[BlackElo "1660"]

1. e4 c5 2. Nf3 e6 3. c3 Nf6 4. e5 Nd5 5. d4 cxd4 6. cxd4 d6 7. Bc4 Nb6 8. Bb3
Be7 9. Qe2 Nc6 10. Nc3 a6 11. O-O O-O 12. Bc2 f6 13. exf6 Bxf6 14. Qe4 g6 15.
d5 Ne5 16. Nd4 exd5 17. Nxd5 Nxd5 18. Qxd5+ Kg7 19. Bd2 Qc7 20. Bc3 Bd7 21. Rad1
Nf7 22. Rfe1 Rae8 23. Bb3 Nd8 24. Bb4 Be5 25. Bc3 Rf6 26. Rc1 Nc6 27. Red1 Qb6
28. a4 Nxd4 29. Bxd4 Bxd4 30. Qxd4 Qxb3 31. Rc3 Qxa4 32. Qd2 Qf4 33. Qc2 Bc6 34.
f3 Rfe6 35. Qb1 Re2 36. Rc2 Qe3+ 37. Kh1 Re1+ 0-1

[Event "Indywidualne Mistrzostwa Polski Kobiet do lat 20"]
[Site "Osrodek „SUDETY”, Pokrzywna 75"]
[Date "1899-12-30"]
[Round "6.12"]
[White "Siekanska, Zuzanna"]
[Black "Trybus, Dominika"]
[Result "1-0"]
[WhiteTitle "I++"]
[BlackTitle "I+"]
[WhiteElo "1783"]
[BlackElo "1589"]

1. d4 Nf6 2. c4 g6 3. Nc3 Bg7 4. e4 d6 5. h3 O-O 6. Be3 e5 7. d5 Nh5 8. Be2 Nf4
9. Bf3 f5 10. g3 fxe4 11. Nxe4 Nh5 12. Bxh5 gxh5 13. Qxh5 c6 14. Ng5 Bf5 15. Ne6
Bxe6 16. dxe6 Qf6 17. Qg4 Na6 18. Ne2 d5 19. cxd5 cxd5 20. O-O Rae8 21. Bxa7 Rxe6
22. Be3 Qf7 23. Rad1 Rg6 24. Qa4 Qf3 25. Qb5 d4 26. Bc1 e4 27. Qb3+ Qxb3 28. axb3
d3 29. Nf4 Rb6 30. Rfe1 Re8 31. Rxd3 exd3 32. Rxe8+ Kf7 33. Rd8 Rxb3 34. Rxd3
Nc5 35. Rd2 Bh6 36. Rc2 Bxf4 37. Bxf4 Nd3 38. Rc3 Rxc3 39. bxc3 Nxf4 40. gxf4
Kf6 41. Kg2 h5 42. Kf3 Kf5 43. Ke3 b5 44. Kf3 Ke6 45. Ke4 Kf6 46. h4 Ke6 47. f5+
Kf6 48. Kf4 Ke7 49. Kg5 Kf7 50. Kxh5 Kf6 51. Kg4 Ke5 52. h5 Ke4 53. h6 Kd3 54.
h7 Kxc3 55. h8=Q+ Kb3 56. f6 b4 57. f7 Ka2 58. f8=Q b3 59. Qb4 Kb1 60. Qxb3+ Kc1
61. Qhb2# 1-0

[Event "Indywidualne Mistrzostwa Polski Kobiet do lat 20"]
[Site "Osrodek „SUDETY”, Pokrzywna 75"]
[Date "1899-12-30"]
[Round "7.1"]
[White "Wikar, Martyna"]
[Black "Malicka, Maria"]
[Result "0-1"]
[WhiteTitle "WFM"]
[BlackTitle "FM"]
[WhiteElo "2168"]
[BlackElo "2307"]

1. e4 c6 2. d4 d5 3. e5 Bf5 4. Nc3 a6 5. Be3 Qc7 6. g4 Bd7 7. Bg2 h5 8. g5 Bf5
9. Nge2 h4 10. Nf4 e6 11. Rg1 Ne7 12. Bf3 g6 13. Nd3 Nd7 14. Qd2 Bg7 15. Na4 b6
16. Rc1 Rc8 17. b4 O-O 18. Kf1 Ra8 19. a3 a5 20. Kg2 axb4 21. Qxb4 Rfb8 22. Nab2
c5 23. Qc3 Rc8 24. a4 Nc6 25. Qe1 Nxd4 26. Bxd4 cxd4 27. Qb4 h3+ 28. Kh1 Nxe5
29. Nxe5 Bxe5 30. Rge1 Bf4 31. Rcd1 Qc3 32. Qxc3 dxc3 33. Nd3 Bxg5 34. Rg1 Bd2
35. Be2 Rxa4 0-1

[Event "Indywidualne Mistrzostwa Polski Kobiet do lat 20"]
[Site "Osrodek „SUDETY”, Pokrzywna 75"]
[Date "1899-12-30"]
[Round "7.2"]
[White "Rudzinska, Michalina"]
[Black "Dylag, Emilia"]
[Result "1/2-1/2"]
[WhiteTitle "WFM"]
[BlackTitle "WFM"]
[WhiteElo "2215"]
[BlackElo "1956"]

1. e4 e5 2. Nf3 Nc6 3. Nc3 Nf6 4. a4 Bc5 5. Nxe5 Nxe5 6. d4 Bd6 7. dxe5 Bxe5 8.
Nb5 a6 9. f4 Bxf4 10. Bxf4 axb5 11. e5 Qe7 12. Bxb5 O-O 13. O-O Qc5+ 14. Kh1 Nd5
15. Qf3 Nxf4 16. Qxf4 d6 17. exd6 cxd6 18. Bd3 Qe5 19. Qh4 g6 20. b3 Be6 21. Rae1
Qc3 22. Re3 Qc5 23. Ref3 Rae8 24. Qh6 Qe5 25. Re3 Qd4 26. Re4 Qc3 27. Rh4 Qg7
28. Qxg7+ Kxg7 29. Kg1 Rc8 30. Rb4 Rc7 31. Rff4 Re8 32. Rfd4 d5 33. Rb6 Bf5 34.
Bxf5 gxf5 35. Rd2 Rec8 36. Rxd5 Rxc2 37. Rxf5 R8c7 38. h3 Rb2 39. Rg5+ Kf8 40.
Rg3 h5 41. h4 Rc1+ 42. Kh2 Rc4 43. Kh3 Rb1 44. Rf3 Rxa4 45. Rxb7 Rh1+ 46. Kg3
Rg4+ 47. Kf2 Rh2 48. Rfxf7+ Kg8 49. Rfc7 Rgxg2+ 50. Kf3 Rf2+ 51. Ke3 Re2+ 52.
Kf4 Rxh4+ 53. Kg5 Rhe4 54. Rg7+ Kf8 55. Kh6 Re7 56. Rb8+ Re8 57. Rb5 R2e5 58.
Rbb7 R8e7 59. Rgxe7 Rxe7 60. Rb8+ Kf7 61. Kxh5 Ke6 62. Kg5 Kd5 63. Kf6 Re1 64.
b4 Rb1 65. Ke7 Kc4 66. Rc8+ Kb5 1/2-1/2

[Event "Indywidualne Mistrzostwa Polski Kobiet do lat 20"]
[Site "Osrodek „SUDETY”, Pokrzywna 75"]
[Date "1899-12-30"]
[Round "7.3"]
[White "Bukala, Weronika"]
[Black "Goraj, Barbara"]
[Result "0-1"]
[WhiteTitle "I++"]
[BlackTitle "WCM"]
[WhiteElo "1875"]
[BlackElo "2044"]

1. d4 Nf6 2. c4 g6 3. Nc3 Bg7 4. e4 d6 5. h3 O-O 6. Be3 c5 7. dxc5 Qa5 8. Qd2 dxc5
9. e5 Rd8 10. Bd3 Nfd7 11. Nd5 Qxd2+ 12. Kxd2 Nxe5 13. Nxe7+ Kh8 14. Nd5 Nxd3
15. Kxd3 Bxb2 16. Re1 Bf5+ 17. Kd2 Na6 18. Re2 Nb4 19. Ke1 Bg7 20. Bg5 f6 21.
Nxb4 cxb4 22. Bd2 Bd3 23. Re7 Re8 24. Rxe8+ Rxe8+ 25. Kd1 Bxc4 26. Bxb4 Bxa2 27.
Ne2 f5 28. Bc3 Bb3+ 29. Kd2 Rd8+ 30. Ke3 Rd1 31. Rxd1 Bxd1 32. Nd4 Kg8 33. Kd3
Ba4 34. Kc4 Kf7 35. g3 Bf6 36. Kb4 Bd7 37. Kc4 f4 38. g4 h5 39. f3 hxg4 40. hxg4
Be6+ 41. Kc5 Be7+ 42. Kb5 Bd5 0-1

[Event "Indywidualne Mistrzostwa Polski Kobiet do lat 20"]
[Site "Osrodek „SUDETY”, Pokrzywna 75"]
[Date "1899-12-30"]
[Round "7.4"]
[White "Adamczyk, Zuzanna"]
[Black "Budkiewicz, Magdalena"]
[Result "1-0"]
[WhiteTitle "WCM"]
[BlackTitle "k"]
[WhiteElo "2047"]
[BlackElo "1929"]

1. Nf3 Nf6 2. g3 g6 3. b3 Bg7 4. Bb2 d6 5. d4 O-O 6. Bg2 c5 7. c4 Nbd7 8. O-O a5
9. Nc3 cxd4 10. Nxd4 Nc5 11. a3 Qb6 12. Ndb5 Be6 13. Rc1 Rab8 14. b4 Na6 15. Na4
Qd8 16. Qd2 axb4 17. axb4 Bd7 18. Bd4 Bc6 19. Qb2 Nh5 20. Bxg7 Nxg7 21. Nac3 Nc7
22. Nxc7 Bxg2 23. Kxg2 Qxc7 24. Nd5 Qd7 25. Rfd1 b6 26. Qd4 Ne6 27. Qe3 Qb7 28.
f3 Rfc8 29. h4 h5 30. g4 hxg4 31. fxg4 Nc7 32. Qxe7 Nxd5 33. Qxb7 Ne3+ 34. Kf3
Rxb7 35. Kxe3 Re7+ 36. Kf3 Rce8 37. Rc2 Re3+ 38. Kf2 Rb3 39. b5 Re6 40. Rcd2 Rbe3
41. Rxd6 Rxe2+ 42. Kf1 R2e4 43. Rxe6 fxe6 44. Rd6 Rxc4 45. Rxe6 Rxg4 46. Rxb6
Kg7 47. Rb7+ Kg8 48. b6 Rb4 49. Ke2 Kf8 50. Kd3 Ke8 51. Kc3 Rb1 52. Kd4 Kd8 53.
Kc5 Rc1+ 54. Kd6 Rd1+ 55. Ke6 Re1+ 56. Kf6 Re4 57. Rh7 Kc8 58. b7+ Kb8 59. Kxg6
Rg4+ 60. Kf5 Rg1 61. h5 Rh1 62. Kg6 Rg1+ 63. Kh6 Rg2 64. Rg7 Rh2 65. Kg6 Rg2+
66. Kh7 Rh2 67. h6 Rh1 68. Kg6 Rg1+ 69. Kf7 Rf1+ 70. Kg8 Rd1 71. Rf7 Rg1+ 72.
Kf8 1-0

[Event "Indywidualne Mistrzostwa Polski Kobiet do lat 20"]
[Site "Osrodek „SUDETY”, Pokrzywna 75"]
[Date "1899-12-30"]
[Round "7.5"]
[White "Starosta, Martyna"]
[Black "Szczotka, Klara"]
[Result "1/2-1/2"]
[WhiteTitle "WCM"]
[BlackTitle "k+"]
[WhiteElo "1938"]
[BlackElo "1755"]

1. e4 c6 2. d4 d5 3. exd5 cxd5 4. c4 Nf6 5. Nc3 e6 6. Nf3 Bb4 7. Bd3 dxc4 8. Bxc4
O-O 9. O-O Nbd7 10. Bg5 h6 11. Bh4 a6 12. Qe2 b5 13. Bb3 Bb7 14. d5 exd5 15. Nxd5
Re8 16. Qc2 Rc8 17. Qf5 Bxd5 18. Bxd5 Qb6 19. Bb3 Kf8 20. Rad1 Qb7 21. Bxf6 Nxf6
22. Ne5 Re7 23. Rc1 Rec7 24. Rxc7 Rxc7 25. Rd1 Qe4 26. Qxe4 Nxe4 27. Nxf7 Bc5
28. Kf1 Nxf2 29. Rc1 Nd3 30. Rc3 Nxb2 31. Nd8 Ke8 32. Ne6 Rf7+ 33. Ke2 Rf2+ 34.
Ke1 Bb4 35. Nxg7+ Kd7 36. Kxf2 Bxc3 37. Nf5 Bd2 38. Ke2 Bc1 39. Bd5 Na4 40. Kd3
Kc7 41. g3 Nb6 42. Be6 Kc6 43. h4 Nd5 44. Kc2 Ba3 45. Nxh6 Kd6 46. Bc8 a5 47.
h5 Nf6 48. g4 Nh7 49. Bf5 Ng5 50. Bd3 Ke5 51. Bxb5 Bf8 52. Ng8 Bg7 53. Kb3 Kf4
54. Bd7 Nf7 55. Ka4 Bc3 56. Ne7 Kg5 57. Nc6 Nh6 58. Nxa5 Nxg4 59. Bxg4 Kxg4 60.
Kb5 Kxh5 61. Nc6 Kg5 62. a4 Kf5 63. Nb4 Ke6 64. a5 Kd7 65. a6 Bd4 66. Nd5 Kc8
67. Ne7+ Kc7 68. Nc6 Bf2 69. Nb4 Kb8 70. Nd5 1/2-1/2

[Event "Indywidualne Mistrzostwa Polski Kobiet do lat 20"]
[Site "Osrodek „SUDETY”, Pokrzywna 75"]
[Date "1899-12-30"]
[Round "7.6"]
[White "Szopa, Emilia"]
[Black "Zabrzanska, Weronika"]
[Result "0-1"]
[WhiteTitle "I++"]
[BlackTitle "k"]
[WhiteElo "1588"]
[BlackElo "1923"]

1. e4 e5 2. Nf3 Nc6 3. Bc4 Bc5 4. O-O Nf6 5. d3 O-O 6. Bb3 d5 7. Nbd2 Bb6 8. h3
h6 9. Re1 Re8 10. exd5 Nxd5 11. Ne4 Bf5 12. Ng3 Bg6 13. a3 a6 14. d4 e4 15. Nh2
Nf6 16. c3 Qd6 17. Ng4 Rad8 18. Nxf6+ Qxf6 19. Qg4 Ne5 20. Qe2 Nd3 21. Rf1 c5
22. d5 Qe5 23. Be3 f5 24. Nh5 Bf7 25. g3 g5 26. Kh1 Kh8 27. Rad1 f4 28. g4 f3
29. Qc2 Bxh5 30. gxh5 Bc7 0-1

[Event "Indywidualne Mistrzostwa Polski Kobiet do lat 20"]
[Site "Osrodek „SUDETY”, Pokrzywna 75"]
[Date "1899-12-30"]
[Round "7.7"]
[White "Smietanska, Wiktoria"]
[Black "Bugaj, Hanna"]
[Result "1/2-1/2"]
[WhiteTitle "CM"]
[BlackTitle "I++"]
[WhiteElo "1910"]
[BlackElo "1721"]

1. e4 e6 2. d4 d5 3. Nd2 dxe4 4. Nxe4 Nd7 5. Nf3 Ngf6 6. Nxf6+ Nxf6 7. Bd3 c5 8.
dxc5 Bxc5 9. O-O O-O 10. Qe2 Qc7 11. Bg5 Be7 12. c3 b6 13. Bxf6 Bxf6 14. Qe4 g6
15. Qxa8 Bb7 16. Qxa7 Ra8 17. Qxa8+ Bxa8 18. Be2 g5 19. Rfd1 g4 20. Ne1 Qf4 21.
Bf1 Bd5 22. g3 Qf5 23. Bg2 Bc4 24. Rd2 h5 25. Nc2 Ba6 26. Nd4 Qc5 27. Rad1 h4
28. Nb3 Qf5 29. gxh4 Qf4 30. Bf1 Bb7 31. Bg2 Bf3 32. Rd4 Bxd4 33. Rxd4 Qf5 34.
Nd2 Bxg2 35. Kxg2 Qh5 36. Nc4 b5 37. Ne3 f5 38. c4 bxc4 39. Nxc4 Qxh4 40. a4 Qf6
41. Rd7 f4 42. a5 Qf5 43. a6 Qe4+ 44. Kg1 Qxc4 45. a7 Qc1+ 46. Kg2 Qc6+ 47. Kg1
f3 48. h3 Qc1+ 49. Kh2 Qf4+ 50. Kg1 Qc1+ 51. Kh2 Qf4+ 1/2-1/2

[Event "Indywidualne Mistrzostwa Polski Kobiet do lat 20"]
[Site "Osrodek „SUDETY”, Pokrzywna 75"]
[Date "1899-12-30"]
[Round "7.8"]
[White "Salamon, Julia"]
[Black "Siekanska, Zuzanna"]
[Result "0-1"]
[WhiteTitle "I++"]
[BlackTitle "I++"]
[WhiteElo "1515"]
[BlackElo "1783"]

1. d4 Nf6 2. c4 g6 3. Nc3 Bg7 4. e4 d6 5. Nf3 O-O 6. Be2 e5 7. dxe5 dxe5 8. Qxd8
Rxd8 9. Bg5 Re8 10. O-O h6 11. Bxf6 Bxf6 12. Nd5 Bd8 13. Rfd1 Na6 14. Rac1 Nc5
15. Nc3 Bf6 16. b4 Ne6 17. Nd5 Bg7 18. c5 c6 19. Ne3 Nd4 20. Rd2 a5 21. Rb1 axb4
22. Rxb4 Ra5 23. Nxd4 exd4 24. Nc4 Rxc5 25. Nd6 Rd8 26. Nxc8 Rxc8 27. Rxb7 Rc1+
28. Rd1 Rc2 29. Bd3 Rc3 30. Rb3 Rc5 31. Rbb1 Ra8 32. Rbc1 Raa5 33. Bc4 Be5 34.
g3 g5 35. Rd2 Kg7 36. Rdc2 Kf6 37. f3 h5 38. Kf1 Ke7 39. Ke2 f6 40. Bb3 Rxc2+
41. Rxc2 c5 42. Kd3 Bd6 43. Rf2 Ra8 44. Bd5 Rb8 45. Bb3 Rh8 46. Bd5 h4 47. g4
h3 48. Bb3 Rb8 49. Rf1 Be5 50. Rh1 Kd6 51. Rf1 Rb4 52. Rc1 Kc6 53. Bd5+ Kb6 54.
Bb3 Bd6 55. Rc2 Bf4 56. Rf2 Kb5 57. Rb2 Kc6 58. Rc2 Kd6 59. Rf2 Rb5 60. Re2 Be3
61. Re1 Ke5 62. Kc4 Ra5 63. Kd3 Kf4 64. Rf1 Ra7 65. Kc4 Rb7 66. Kxc5 Rc7+ 67.
Kb5 d3 68. a4 Rc2 69. a5 Rxh2 70. a6 Rb2 71. Kc4 h2 72. Kc3 Rg2 73. Rh1 d2 74.
Kd3 Ba7 75. Bd1 Kg3 76. Be2 Rg1 77. Rxh2 Kxh2 78. Kxd2 Kg3 79. Kd3 Kf4 80. Kd2
Rg3 81. Ke1 Rxf3 82. Bxf3 Kxf3 0-1

[Event "Indywidualne Mistrzostwa Polski Kobiet do lat 20"]
[Site "Osrodek „SUDETY”, Pokrzywna 75"]
[Date "1899-12-30"]
[Round "7.9"]
[White "Obrochta, Lena"]
[Black "Czarniecka, Aleksandra"]
[Result "0-1"]
[WhiteTitle "I++"]
[BlackTitle "m"]
[WhiteElo "1660"]
[BlackElo "2031"]

1. e4 c5 2. Nf3 d6 3. d4 cxd4 4. Nxd4 Nf6 5. Nc3 e6 6. Be2 Nc6 7. O-O Be7 8. Be3
O-O 9. f4 e5 10. Nxc6 bxc6 11. fxe5 dxe5 12. Qe1 Be6 13. Qg3 Qc7 14. Kh1 Ne8 15.
Bg4 Bxg4 16. Qxg4 Rd8 17. Rf5 g6 18. Raf1 Ng7 19. R5f3 Qb8 20. Bg5 h5 21. Qh4
Bxg5 22. Qxg5 Rd7 23. Qf6 Qd6 24. Qg5 Ne6 25. Qh4 Qd2 26. R3f2 Qh6 27. Qf6 Qg7
28. Qf3 Qh6 29. g3 Rd2 30. Qf6 Rxf2 31. Qxf2 Qg5 32. Qxa7 Nd4 33. Qd7 h4 34. Qh3
hxg3 35. Qxg3 Qe7 36. Rf2 Qc5 37. Kg2 Ne6 38. Ne2 Rb8 39. b3 Ra8 40. Qc3 Rxa2
41. Qf3 Qe7 42. Qc3 Qg5+ 43. Kf1 c5 44. h4 Qh5 45. Ke1 Nd4 46. Nxd4 exd4 47. Qf3
Qxf3 48. Rxf3 Rxc2 49. Kd1 Rh2 50. Rf4 Rb2 51. Rf3 Kf8 52. Kc1 Re2 53. Rf4 Ke7
54. h5 gxh5 55. Rh4 Kd6 56. Rxh5 Rxe4 57. Rf5 Re7 58. Kd2 Rb7 59. Kc2 Kc6 60.
Re5 Kb5 61. Rd5 Re7 62. Rf5 Kb4 63. Rf2 Re3 64. Rxf7 Rc3+ 65. Kd2 Rxb3 0-1

[Event "Indywidualne Mistrzostwa Polski Kobiet do lat 20"]
[Site "Osrodek „SUDETY”, Pokrzywna 75"]
[Date "1899-12-30"]
[Round "7.10"]
[White "Natoli, Alessia"]
[Black "Hertlein, Irena"]
[Result "0-1"]
[WhiteTitle "I++"]
[BlackTitle "k"]
[WhiteElo "1633"]
[BlackElo "1918"]

1. e4 c5 2. Nc3 e6 3. f4 d5 4. Bb5+ Bd7 5. Bxd7+ Qxd7 6. d3 Nc6 7. Nf3 dxe4 8.
Nxe4 Nf6 9. Qe2 Nxe4 10. dxe4 Nd4 11. Nxd4 cxd4 12. O-O Bc5 13. Kh1 O-O 14. f5
exf5 15. exf5 Rfe8 16. Qd3 Qe7 17. Bf4 Qe2 18. Qb3 Bb6 19. f6 Qe6 20. Qf3 Qxf6
21. Qxb7 Qe7 22. Qf3 Qe2 23. Qb3 Rac8 24. Rac1 Qe6 25. Qxe6 Rxe6 26. Rfd1 Re2
27. Re1 Rce8 28. Bg3 f5 29. Rxe2 Rxe2 30. Kg1 d3+ 31. Kf1 Rxc2 32. Rxc2 dxc2 33.
Bf4 Bd4 34. Bc1 f4 35. Bxf4 Bxb2 0-1